| 000 | 01197cam a2200361 a 4500 | ||
|---|---|---|---|
| 003 | OSt | ||
| 005 | 20140310184518.0 | ||
| 008 | 970702s1998 nyu c 000 1 eng | ||
| 010 | _a 97024132 | ||
| 020 | _a0439115515 | ||
| 040 |
_aDLC _cDLC _dDLC |
||
| 042 | _alcac | ||
| 050 | 0 | 0 |
_aPZ 7 _b.C1427Se 1999 |
| 100 | 1 |
_aCameron, Ann, _d1943- _929532 |
|
| 245 | 1 | 4 |
_aThe secret life of Amanda K. Woods / _cAnn Cameron. |
| 250 | _a1st ed. | ||
| 260 |
_aNew York : _bScholastic, _c1999. |
||
| 300 |
_a201 p. : _c22 cm. |
||
| 521 | _aG5 | ||
| 526 | _c790 | ||
| 650 | 1 |
_aSelf-perception _xFiction. _929533 |
|
| 650 | 1 |
_aMothers and daughters _xFiction. _929534 |
|
| 650 | 1 |
_aSisters _xFiction. _929535 |
|
| 650 | 1 |
_aFamily life _zWisconsin _xFiction. _929536 |
|
| 651 | 1 |
_aWisconsin _xFiction. _929537 |
|
| 856 | 4 | 2 |
_3Publisher description _uhttp://www.loc.gov/catdir/enhancements/fy0601/97024132-d.html |
| 906 |
_a7 _bcbc _corignew _d1 _eocip _f19 _gy-gencatlg |
||
| 942 |
_2lcc _cBK-SCHOLAS |
||
| 999 |
_c34982 _d34982 |
||